Gn̊ero, sexualidade e direito entre violn̊cia e emancipaȯ̂ /

Bibliographic Details
Main Author: Gravat ̀Nicoli, Pedro Augusto
Format: eBook
Language:Portuguese
Published: Belo Horizonte: Initia Via Editora, 2017
Subjects:
Online Access:Acceso restringido

MARC

LEADER 00000nam a22000007a 4500
005 20210422230113.0
007 cr|||| |||
008 210422s2017 br |||||s|||| 00||0 por d
020 |a 978-85-64912-98-4 
035 |a 33015 
040 |a vLex 
090 |c 11504  |d 11504 
100 1 |a Gravat ̀Nicoli, Pedro Augusto 
245 1 0 |a Gn̊ero, sexualidade e direito  |h [Recurso electrn̤ico] :  |b entre violn̊cia e emancipaȯ̂ /  |c Pedro Augusto Gravat ̀Nicoli 
256 |a Servicio en ln̕ea 
260 |a Belo Horizonte:  |b Initia Via Editora,  |c 2017 
300 |a 1 recurso electrn̤ico 
506 1 |a Disponible solo en los productos indicados  |d vLex Global  |d vLex Global (Academic Edition, excluding Law Schools)  |d vLex Global (U.S. Academic Edition, Law Schools)  |d vLex Global (U.S. Academic Edition, excluding Law Schools)  |d vLex Global (Academic Edition, Law Schools) 
650 0 4 |a Ciencias sociales  |z Brasil 
740 0 |a vLex Libros (Servicio en ln̕ea) 
856 4 0 |u https://vlex.com/source/g-nero-sexualidade-direito-entre-viol-ncia-emancipa-o-33015  |z Acceso restringido 
942 |c BOOK 
999 0 |a Social Sciences